| 000 | 00393nam a2200133Ia 4500 | ||
|---|---|---|---|
| 008 | 211109s9999||||xx |||||||||||||| ||und|| | ||
| 082 |
_a547 _bMAN-P |
||
| 100 | _aMann, Frederick George | ||
| 245 | 0 | _aPractical Organic Chemistry | |
| 260 |
_bOrient Blackswan _aNew Delhi _c1978 |
||
| 630 | _xGeneral Stack | ||
| 650 |
_aNatural Sciences &mathematics _vOrganic chemistryChemistry |
||
| 942 | _cBOOK | ||
| 999 |
_c77898 _d77898 |
||